Quizzes
Events
Quiz Creation
Community
Videos
Private Events
Remove Ads
Sign In
Join for FREE
Feedback
Dark Mode
Quiz Categories
Sports
Geography
Music
Movies
Television
Just For Fun
Miscellaneous
History
Literature
Language
Science
Gaming
Entertainment
Religion
Holiday
For Kids
Quiz Lab
Recent
Popular Today
Quiz Kudos Today
Editor Picks
Curator Picks
Quizzes by...
Day
Popularity
Type
Ratings
Length
Year
Community
Subscriptions
Recent Discussions
Orange Saloon
Badges
Playlists
Quests
Create
Leaderboards
Showdown
Live 5
Trivia Bingo
Activity
Puzzle Library
Sporcle Events
Private Events
Virtual Trivia
Globe League
Become a Host
Pub Owners
SporcleCon
Opinionation
Our Games
Videos
Blog
Mobile Apps
Partnerships
Remove Ads and Go Orange
Feedback
Movies
Disney
Marvel Cinematic Universe
Movie Resume
Movie Titles
Oscar
Actor
Actress
Director
Pixar
Role
Movie Quotes
Movie Characters
Box Office
Nominee
Best Picture
Star Wars
James Bond
Horror Movies
Movies
Disney
Marvel Cinematic Universe
Movie Resume
Movie Titles
Oscar
Actor
Actress
Director
Pixar
Role
Movie Quotes
Movie Characters
Box Office
Nominee
Best Picture
Star Wars
James Bond
Horror Movies
Random Quiz
Search Sporcle
×
Quiz Lab
Quiz Lab
Movies
Type in answers that appear in a list
Type in answers that appear in a list
Classic
Best Score? Go Orange.
Three-Word Movie Titles Stats
Can you name the Three-Word Movie Titles ?
By
SoggyBuns
8m
30 Questions
196 Plays
196 Plays
196 Plays
Comments
Comments
Give Quiz Kudos
Give Quiz Kudos
-
- Ratings
hide this ad
Replay
Link that replays current quiz
Next Quiz
Link to next quiz in quiz playlist
You Got
0%
They Got
Avg Score
56%
Avg Friend Score
Upgrade to see
Score Distribution
Jump to the score distribution portion of the page
Score
0/30
Timer
08:00
0
Plays Today
Hint
Movie
% Correct
Tom Hanks and Meg Ryan hate each other in real life, but fall in love over the internet.
You've Got Mail
94.9%
Tom Hanks and men go behind enemy lines to look for Matt Damon and bring him home.
Saving Private Ryan
86.7%
Matt Damon is a secret genius. Robin Williams is his shrink.
Good Will Hunting
85.7%
Hillary Swank works to establish herself as a boxer.
Million Dollar Baby
82.7%
Family drives cross-
country to see little girl do inappropriate dancing in a beauty pageant.
Little Miss Sunshine
78.1%
A Hollywood account of the career of a notoriously violent bank robbing couple.
Bonnie and Clyde
77.6%
Ben Stiller and Owen Wilson fight crime in a Ford Torino.
Starsky and Hutch
74.5%
Hugo Weaving secretly battles a totalitarian society and shaves Natalie Portman's head.
V for Vendetta
73.5%
Ed Norton goes to jail for curb-
stomping someone and decides to change his skinhead lifestyle.
American History X
70.4%
Four kids find a dead body on the railroad tracks.
Stand by Me
70.4%
Tom Cruise is threatened by Nicole Kidman's sexual fantasies and joins a sex cult.
Eyes Wide Shut
66.8%
Humans can no longer procreate. (Except for one girl).
Children of Men
62.8%
Spoiler Alert: The Permian High Panthers of Odessa, Texas lose the state championship at the end.
Friday Night Lights
62.8%
Paul Newman fails to communicate.
Cool Hand Luke
57.1%
Emile Hirsch gives up his posessions, hitchikes to Alaska, eats poison berries, and dies.
Into the Wild
55.6%
Hint
Movie
% Correct
Stanley Kubrick shows the dehumanizing effects of the Vietnam War on Marines.
Full Metal Jacket
55.1%
The life and struggles of professional football players, as coached by Al Pacino.
Any Given Sunday
53.6%
A team of mismatched woodland creatures invade a suburban neighborhood, and hijinks ensue.
Over the Hedge
53.1%
Casey Affleck and Michelle Monaghan play two P.I.s searching for a missing girl.
Gone Baby Gone
52.6%
A psychiatrist loses his mind when Bill Murray visits him on a family vacation.
What About Bob
51%
A movie musical based around the sounds of The Beatles
Across the Universe
50.5%
Peter O'Toole develops conflicting loyalties during his wartime service in the desert.
Lawrence of Arabia
50%
Roberto Benigni protects his son in a Nazi death camp.
Life is Beautiful
49.5%
Orlando Bloom uses his blacksmith charm to seduce someone and defends Jerusalem during the Crusades.
Kingdom of Heaven
41.8%
The story of Carl Brashear, the first African American (and the first amputee) US Navy Diver.
Men of Honor
40.8%
Two boys growing up in Rio De Janeiro take different life paths: One a photographer, the other a drug dealer.
City of God
37.2%
John Cusack's girlfriend dumps him, he blows up his neighbor's mom, and he hates a rival skier in town.
Better off Dead
28.6%
Demi Moore and Rob Lowe try to maintain a romantic relationship, despite their personal problems and the disapproval of their friends.
About Last Night...
19.9%
Natalie Portman hates her skanky, directionless mother (Susan Sarandon) who drags her to Beverly Hills.
Anywhere But Here
13.8%
The story of three divorced men and their broken families.
Bye Bye Love
8.7%
Quiz Playlist
Details
Report
Send in Message
Add To Playlist
Classic:
Type in answers that appear in a list
Last Updated: Feb 16, 2017
Quiz Scoreboard
CHALLENGE
Sign Up to Join the Scoreboard
Show All
Scores
Hide
Comments
May contain spoilers
Recently Published
Street Fighter Characters
by Artimus82
Gaming
60s
9x9 Crossword: Cartoon Network
by jackfrog10
Miscellaneous
3m
College Basketball Coaching Resumes
by pancakes188
Sports
9m
More to Explore
Quiz From the Vault
Featured Blog Post
Where Did the Easter Bunny Come From?
hide this ad
You Might Also Like...
Tags
This quiz does not have any tags.
Today's Top Quizzes in Movies
Browse Movies
hide this ad
Top Contributed Quizzes in Movies
1
Pick 5 Posters: Directed by Spielberg
2
7-to-1: Pixar Characters
3
Pick 5 Posters: Lowest-Rated Spielberg
4
Hidden Star Wars Character II
5
Sorting Actors
6
Sorting Actresses
7
Pick 5 Posters: Directed by Scorsese
8
Hidden Star Wars Character III
9
Pick 5 Posters: Star & Director
10
Hidden Star Wars Character IV
Explore More
Trending Topics
NBA
Crossword
Disney
Kpop
Anime
Harry Potter
Marvel
Puzzle
Song
Country
WWE
NFL
The Office
Soccer
Pokémon
hide this ad
More By:
SoggyBuns
Quiz
Plays
Rating
Category
Featured
Created
Firefly Facts
2,005
2.58
Television
Jul 24, 2010
Three-Word Movie Titles
196
4.00
Movies
Aug 15, 2010
Go to Creator's Profile
Score Distribution
Quiz Creator Spotlight
SoggyBuns
Follow
Send a Message
Quizzes Created
-
Created Quiz Play Count
-
More By This Creator
Popular Quizzes Today
1
Find the US States - No Outlines Minefield
2
Find the Countries of Europe - No Outlines Minefield
3
The Countries of the World
4
Find the US States
5
Risky Map Clicking: Biggest States A-Z
6
US States
7
Popular People in 1961
8
Movies - When Are They Set?
More Movies Quizzes
Oscar Winning Actors of the 2000s
Published
Trending Quizzes
Risky Map Clicking: Least Populous States A-Z
1-10 Letter G Words
Risky Map Clicking: Next State Alphabetically
Adjectives in 80s TV Shows
The Seven Year Switch: Catherine
Recently Updated
Leaping Animals
pecheneg
Reality TV Shows (A-Z)
bhenderson79
Rickey Henderson's Hall of Fame Teammates
pecheneg
Champions League XIs: Arsenal
pecheneg
Quick Pick: Celebrities in WWE's Hall of Fame
aduchscher
A-Z Keypad Blitz II
pecheneg
Multiple Oscar Actors
pecheneg
Mystery Phrase Blitz: Oscar 'Best Actors'
pecheneg
F. Scott Fitzgerald Novels
LTH
Pick 3 Villains
ddd62291
Trending Topics
Crossword
NBA
Marvel
Kpop
Anime
Disney
Harry Potter
The Office
WWE
Song
Country
Pokémon
NFL
Soccer
Puzzle
Your Account Isn't Verified!
In order to create a playlist on Sporcle, you need to verify the email address you used during registration. Go to your
Sporcle Settings
to finish the process.
Report this User
Report this user for behavior that violates our
Community Guidelines
.
Details:
Send Report
Go to the Sporcle.com Mobile Site →
Comments